A framework for the study of linguistics (Record no. 758598)
[ view plain ]
| 000 -LEADER | |
|---|---|
| fixed length control field | 00815nam a22001937b 4500 |
| 005 - DATE AND TIME OF LATEST TRANSACTION | |
| control field | 20231016114335.0 |
| 008 - FIXED-LENGTH DATA ELEMENTS--GENERAL INFORMATION | |
| fixed length control field | 231016b sa ||||| |||| 00| 0 eng d |
| 020 ## - INTERNATIONAL STANDARD BOOK NUMBER | |
| International Standard Book Number | <a href="9780627029790">9780627029790</a> |
| 040 ## - CATALOGING SOURCE | |
| Transcribing agency | 3228 |
| 041 ## - LANGUAGE CODE | |
| Language | English |
| 082 ## - DEWEY DECIMAL CLASSIFICATION NUMBER | |
| Classification number | 149.94 WEID |
| 942 ## - ADDED ENTRY ELEMENTS | |
| Creator ID | 365 |
| Creator Name | Zama Nxumalo |
| Modifier ID | 365 |
| Modifier Name | Zama Nxumalo |
| 100 ## - MAIN ENTRY--PERSONAL NAME | |
| Personal name | Albert Weideman |
| 245 ## - TITLE STATEMENT | |
| Title | A framework for the study of linguistics |
| 260 ## - PUBLICATION, DISTRIBUTION, ETC. | |
| Place of publication, distribution, etc. | Pretoria, South Africa, |
| Name of publisher, distributor, etc. | Van Schaik Publishers, |
| Date of publication, distribution, etc. | 2012 |
| 300 ## - PHYSICAL DESCRIPTION | |
| Extent | [xi, 175 pages] : illustrations |
| Dimensions | 23 cm |
| 500 ## - GENERAL NOTE | |
| General note | The framework for linguistics described in this book is not an introduction to linguistics in the conventional sense. Rather, it is an invitation to those entering the discipline to become intrigued by things lingual. |
| 650 ## - SUBJECT ADDED ENTRY--TOPICAL TERM | |
| Topical term or geographic name entry element | Linguistics Study and teaching |
| 9 (RLIN) | 182866 |
| 942 ## - ADDED ENTRY ELEMENTS | |
| Source of classification or shelving scheme | Dewey Decimal Classification |
| item type | Book |
| Classification part | 149.94 WEID |
| Withdrawn status | Lost status | Source of classification or shelving scheme | Damaged status | Not for loan | Home library | Current library | Shelving location | Date acquired | Total Checkouts | Full call number | Barcode | Date last seen | Price effective from | item type | Collection code | Cost, normal purchase price |
|---|---|---|---|---|---|---|---|---|---|---|---|---|---|---|---|---|
| Dewey Decimal Classification | Gert Sibande District Library(GSDM) | Gert Sibande District Library(GSDM) | Non Fiction | 16.10.2023 | 149.94 WEID | 33003000014337 | 16.10.2023 | 16.10.2023 | Book | |||||||
| Dewey Decimal Classification | ERMELO REGIONAL LIBRARY | Khuluwazi Public Library | Non Fiction | 28.11.2023 | 149.94 WEID | 33228031002759 | 28.11.2023 | 28.11.2023 | Book | 100: Philosophy & Psychology | 165.00 |